02125nas a2200301 i 4500001000700000003000900007005001700016007000300033008004100036080002000077110006300097245010000160260006800260300002000328505094500348700004201293700007501335700004401410700003101454700002101485700005201506700008101558700002701639700004801666700005801714700003101772852002001803172937ES-MaACL20251012183201.0t|090917c19051907sp a| | 1 ||pa d a3 : 061.12(460)2 aReal Academia de Ciencias Morales y Políticas (España)10aDiscursos de recepción leídos en la Real Academia de Ciencias Morales y Políticas g1905. aMadrid : b[s. n.], c1905 (Est. Tip. Sucesores de Ribadeneyra) a1 v. ; c26 cm.8 aContiene: T. VIII: El materialismo histórico en relación con algunas de las principales instituciones civiles del derecho privado / Felipe Sánchez Román (129 p.). Crisis contemporánea del régimen parlamentario / Pío Gullón e Iglesias (63 p.). Contestación / Gumersindo de Azcárate y Menéndez (p. 65-85). La autoridad y la propiedad / Victoriano Guisasola y Menéndez (48 p.). Contestación / Francisco Javier González de Castejón y Elío, Marqués del Vadillo (p. 49-77). Nuevos fundamentos de la moral / Manuel Sales Ferré (88 p.). Contestación / Eduardo Sanz y Escartín (p. 89-123). La condición de la mujer casada en la esfera del derecho civil / Eduardo de Hinojosa (55 p.). Contestación / Marqués de Pidal (p. 57-77). La representación parlamentaria, el sufragio obligatorio y el referendum / Julián García San Miguel (92 p.). Contestación / Marqués de la Vega de Armijo (p. 93-106).1 aAzcárate, Gumersindo de,d1840-19171 aAguilar y Correa, Antonio,cMarqués de la Vega de Armijo,d1824-19081 aSanz y Escartín, Eduardo, d1855-19391 aSánchez Román, Felipe.1 aGullón, Pío.1 aGuisasola y Menéndez, Victoriano, d1852-19201 aGonzález de Castejón y Elío, Francisco Javier, cMarqués de Vadillo1 aSales Ferré, Manuel.1 aHinojosa y Naveros, Eduardo de, d1852-19191 aPidal y Mon, Luis, cMarqués de Pidal, d1842-19131 aGarcía San Miguel, Juan. aES-MaACLjK-190